| 000 | 00384nam a2200157Ia 4500 | ||
|---|---|---|---|
| 008 | 230524s9999 xx 000 0 und d | ||
| 082 |
_a5.133 _bCAR |
||
| 100 | _aNicholas Carter | ||
| 245 | 0 | _aComputer Architecture (Schaum's Series) | |
| 250 | _a1ST | ||
| 260 |
_aNEW DELHI _bTMH _c2007 |
||
| 300 | _aXI;IL.43 | ||
| 500 | _aQuantity Number: 2 | ||
| 650 | _aComp-Sc | ||
| 942 | _cBK | ||
| 999 |
_c37242 _d37242 |
||